Polskie kluby żużlowe bez tytułu mistrzowskiego - Statystyki

Ogólne statystyki
  • Ten quiz został rozwiązany 394 razy
  • Średni wynik to 7 z 9
Statystyki odpowiedzi
Liga Klub % Poprawnych
Ekstraliga GKM Grudziądz
97%
Ekstraliga Wilki Krosno
94%
II Liga Kolejarz Opole
84%
II Liga Kolejarz Rawicz
81%
I Liga Ostrovia Ostrów Wielkopolski
80%
II Liga Start Gniezno
79%
I Liga Orzeł Łódź
73%
I Liga PSŻ Poznań
71%
I Liga Wybrzeże Gdańsk
68%
Nie znaleziono quizów pasujących do podanych kryteriów
Rozkład punktacji
Procent ludzi z każdym wynikiem
Percentyl według liczby udzielonych odpowiedzi
Twoja historia wyników
Nie rozwiązałeś tego quizu